Missile Defense in the Middle East / (Record no. 594318)

000 -LEADER
fixed length control field 00320nam a22001217a 4500
020 ## - INTERNATIONAL STANDARD BOOK NUMBER
International Standard Book Number 9783639294941
082 ## - DEWEY DECIMAL CLASSIFICATION NUMBER
Classification number 358.17
Author Mark BRA
100 ## - MAIN ENTRY--PERSONAL NAME
Personal name Braganca , Maschenka
245 ## - TITLE STATEMENT
Title Missile Defense in the Middle East /
Statement of responsibility, etc. Maschenka Braganca
260 ## - PUBLICATION, DISTRIBUTION, ETC.
Name of publisher, distributor, etc. VDM
Date of publication, distribution, etc. 2011.
300 ## - PHYSICAL DESCRIPTION
Extent 100p. ;
Other physical details Paperback
942 ## - ADDED ENTRY ELEMENTS (KOHA)
Source of classification or shelving scheme
Koha item type Book
Holdings
Withdrawn status Lost status Source of classification or shelving scheme Damaged status Not for loan Permanent Location Current Location Shelving location Date acquired Full call number Barcode Date last seen Price effective from Koha item type
          School of Mechanical & Manufacturing Engineering (SMME) School of Mechanical & Manufacturing Engineering (SMME) Aerospace Engineering 03/27/2023 358.17 BRA SMME-4196 03/27/2023 03/27/2023 Book
© 2023 Central Library, National University of Sciences and Technology. All Rights Reserved.